| 000 | 01049nam a22002177a 4500 | ||
|---|---|---|---|
| 999 |
_c21390 _d21390 |
||
| 003 | AR-CdUCM | ||
| 008 | 190524b ||||| |||| 00| 0 eng d | ||
| 020 | _a9786073201445 | ||
| 040 |
_aMUNICIPALIDAD PROVINCIAL DEL CUSCO _cBIBLIOTECA MUNICIPAL DEL CUSCO |
||
| 082 |
_a658.8/A68 _bA68 |
||
| 100 |
_aArellano Cueva, Rolando _944612 |
||
| 245 |
_aMarketing : _bEnfoque América Latina el marketing científico aplicado a Latinoamérica / |
||
| 260 |
_aLima ; _bPearson, _c2017. |
||
| 300 |
_a440 Páginas. : _bilustraciones ; _c18x23 cm. |
||
| 505 | _aContenido: Introducción al marketing -- Características del mercado latinoamericano -- Comportamiento de los consumidores y segmentación de mercados -- La investigación de marketing -- La mezcla de marketing y producto -- La marca y el empaque -- El precio -- La comunicación con el público -- La distribución -- Las ventas -- Promoción ... | ||
| 650 |
_aAdministración _944605 |
||
| 650 |
_aMarketing _912422 |
||
| 650 |
_aLatinoamérica _94398 |
||
| 942 |
_2ddc _cLIBROS |
||
| 945 | _aRoel | ||